header

Simplified internet (Record no. 85149)

MARC details
000 -LEADER
fixed length control field 01324nam a2200313 a 4500
100 1# - MAIN ENTRY--AUTHOR NAME
Personal name Singh, Vishnu Priya.
245 10 - TITLE STATEMENT
Title Simplified internet
250 ## - EDITION STATEMENT
Edition statement 5th rev. ed.
260 ## - PUBLICATION, DISTRIBUTION, ETC. (IMPRINT)
Place of publication New Delhi, India :
Name of publisher Computech Publications Ltd.,
Year of publication 2009.
300 ## - PHYSICAL DESCRIPTION
Number of Pages 328 p. :
Other physical details ill.
500 ## - GENERAL NOTE
General note "Internet application software CD is free with this book."
650 #0 - SUBJECT ADDED ENTRY--TOPICAL TERM
Topical Term Internet.
Topical Term Electronic mail messages.
Topical Term World Wide Web.
700 1# - ADDED ENTRY--PERSONAL NAME
Personal name Singh, Meenakshi.
856 40 - ELECTRONIC LOCATION AND ACCESS
Uniform Resource Identifier http://site.ebrary.com/lib/rucke/Doc?id=10417314

No items available.

© 2026 Rongo University
Contact us: librarian | system librarian | Rongo university